000 00775nam a2200229Ii 4500
003 JO-AjNU
008 230605s9999||||xx |||||||||||||| ||und||
017 _a2006/4109
020 _a977-287-606
040 _aJO-AjNU
_bara
_erda
_cJO-AjNU
041 _aara
050 1 4 _aTF185 2006
100 3 _aمحمد ،رمضان على ,
_eauthor
_951463
245 0 0 _aمقدمة في مواد الرصف وتصميم الخلوطات الاسفلتية بطريقة مارشال
250 _aط1
264 3 1 _aالقاهرة :دار الكتب العلمية 2006
300 _a334ص
336 _atext
_btxt
_2rdacontent
337 _aunmediated
_bn
_2rdamedia
338 _avolume
_bnc
_2rdacarrier
650 4 _aالطرق-الاسفلتية-الطرق-صيانة
_951464
999 _aA22734
_c26302
_d26302